000 00278nam a22001337a 4500
008 181009b xxu||||| |||| 00| 0 eng d
020 _a9780201282399
041 _aeng
080 _a541
100 _a12
101 _aKIM
245 _aChemistry
_cWesley, A
942 _2udc
_cBK
999 _c49099
_d49099